000 00722nam a2200229 a 4500
001 23802
003 BD-RjUL
005 20211209000955.0
008 140311s1966 nyu b 001 0 eng d
035 _a(BD-RjUL)23867
040 _aANL
_beng
_cANL
_dBD-RjUL
041 _aeng
082 0 4 _a954.0350924
_bSES 1966
100 1 _aSengupta, Padmini,
_d1905-
_973300
245 1 0 _aSarojini Naidu :
_ba biography /
_cby Padmini Sengupta.
260 _aNew York :
_bAsia Publishing House,
_c1966.
300 _axi, 359. p. :
_bfront., 12 plates (incl. ports. facsims.) ;
_c22 cm.
504 _aBibliography: p. 349-352. and index.
600 1 0 _aNaidu, Sarojini,
_d1879-1949.
_973304
942 _2ddc
_cBK
999 _c23802
_d23802